Fundamental Symbols. (Record no. 348497)

000 -LEADER
fixed length control field 00320 a2200133 4500
082 ## - DEWEY DECIMAL CLASSIFICATION NUMBER
Classification number 291.37
090 ## - LOCALLY ASSIGNED LC-TYPE CALL NUMBER (OCLC); LOCAL CALL NUMBER (RLIN)
-- 6114
-- 6114
100 ## - MAIN ENTRY--PERSONAL NAME
Personal name Guenon,Rene.
245 ## - TITLE STATEMENT
Title Fundamental Symbols.
Statement of responsibility, etc. Rene Guenon.
260 ## - PUBLICATION, DISTRIBUTION, ETC.
Place of publication, distribution, etc. Lahore.
Name of publisher, distributor, etc. Suhail Academy.
Date of publication, distribution, etc. 2001.
300 ## - PHYSICAL DESCRIPTION
Extent 325p.
500 ## - GENERAL NOTE
General note Hard cover
942 ## - ADDED ENTRY ELEMENTS (KOHA)
Institution code [OBSOLETE] NBS
Koha item type Book
Call number prefix 291.37 GUE
Holdings
Withdrawn status Lost status Damaged status Not for loan Permanent Location Current Location Date acquired Total Checkouts Full call number Barcode Date last seen Price effective from Koha item type
        Central Library (CL) Central Library (CL) 08/28/2013   291.37 GUE NBSD-1695 05/20/2016 08/28/2013 Book
© 2023 Central Library, National University of Sciences and Technology. All Rights Reserved.